LDR 00942nam a2200181 i 4500 001 000000191890 003 CaOOAMICUS 005 20260408103329.0 008 100828s1984 it u000 u ita u 040 $aSeMil$bita 245 10$aSupplemento all'Indice degli autori citati :$bautori, opere, edizioni che compaiono nei volumi 10., 11. e 12. per la prima volta : pronuncia e trascrizione fonetica. 300 $a27 p. 773 0 $aBattaglia, Salvatore <1904-1971>$tGrande dizionario della lingua italiana.$dTorino : UTET, 1961-2009.$gSupplemento12$w()6614 850 $aSeMil 852 $aSeMil$W1$xVenegono$y1$mSL1.A VI 1/A$j269854$B142475$CSeMilBibl$Z2$F154032 $8I 961 $aLascito: Barbarisi Gennaro 996 $6245$aSupplemento all'Indice degli autori citati :$bautori, opere, edizioni che compaiono nei volumi 10., 11. e 12. per la prima volta : pronuncia e trascrizione fonetica$9(OLS)http://semarc/title/276422